México hecho a mano / (Record no. 20314)

MARC details
000 -CABECERA
campo de control de longitud fija 01188nam a2200337 4500
003 - IDENTIFICADOR DEL NÚMERO DE CONTROL
campo de control OSt
005 - FECHA Y HORA DE LA ÚLTIMA TRANSACCIÓN
campo de control 20260601171007.0
008 - DATOS DE LONGITUD FIJA--INFORMACIÓN GENERAL
campo de control de longitud fija 260505b2013\\\\||||||||\||||\00|\0\eng\d
020 ## - NÚMERO INTERNACIONAL ESTÁNDAR DEL LIBRO
Número Internacional Estándar del Libro 9786074372663
020 ## - NÚMERO INTERNACIONAL ESTÁNDAR DEL LIBRO
Número Internacional Estándar del Libro 9786074372670
040 ## - FUENTE DE LA CATALOGACIÓN
Centro catalogador/agencia de origen ICI
Lengua de catalogación spa
Centro/agencia transcriptor ICI
041 ## - CÓDIGO DE LENGUA
Código de lengua del texto/banda sonora o título independiente spa
050 #4 - SIGNATURA TOPOGRÁFICA DE LA BIBLIOTECA DEL CONGRESO
Número de clasificación TT28
Número de documento/Ítem H366 2013
100 #1 - ENTRADA PRINCIPAL--NOMBRE DE PERSONA
Nombre de persona Haro, Fernando de,
Término indicativo de función/relación autor
245 #1 - MENCIÓN DE TÍTULO
Título México hecho a mano /
Mención de responsabilidad, etc. Fernando de Haro & Omar Fuentes ; texto original de Abraham Orozco ; traducción de Louis Loizides ; fotografía de Carlos Hahn
246 #3 - FORMA VARIANTE DE TÍTULO
Título propio/Titulo breve Mexico handcrafted art
250 ## - MENCIÓN DE EDICIÓN
Mención de edición Edición especial
264 ## - PRODUCCIÓN, PUBLICACIÓN, DISTRIBUCIÓN, FABRICACIÓN Y COPYRIGHT
Nombre del de productor, editor, distribuidor, fabricante Edición Especial AM Editores
Fecha de producción, publicación, distribución, fabricación o copyright 2013
300 ## - DESCRIPCIÓN FÍSICA
Extensión 324 páginas :
Otras características físicas ilustraciones a color
336 ## - TIPO DE CONTENIDO
Término de tipo de contenido texto
Fuente rdacontent
337 ## - TIPO DE MEDIO
Nombre/término del tipo de medio sin medio
Fuente rdamedia
338 ## - TIPO DE SOPORTE
Nombre/término del tipo de soporte volumen
Fuente rdacarrier
500 ## - NOTA GENERAL
Nota general Texto en español e inglés
650 #4 - PUNTO DE ACCESO ADICIONAL DE MATERIA--TÉRMINO DE MATERIA
Término de materia o nombre geográfico como elemento de entrada Artesanías
Subdivisión de forma Obras ilustradas
Subdivisión geográfica México
9 (RLIN) 32419
650 #4 - PUNTO DE ACCESO ADICIONAL DE MATERIA--TÉRMINO DE MATERIA
Término de materia o nombre geográfico como elemento de entrada Arte mexicano
Subdivisión de forma Obras ilustradas
9 (RLIN) 32420
700 #1 - PUNTO DE ACCESO ADICIONAL--NOMBRE DE PERSONA
Nombre de persona Fuentes Elizondo, Omar,
Término indicativo de función/relación autor
9 (RLIN) 32421
700 #1 - PUNTO DE ACCESO ADICIONAL--NOMBRE DE PERSONA
Nombre de persona Orozco Gonzalez, Abraham,
Término indicativo de función/relación autor
9 (RLIN) 32422
700 #1 - PUNTO DE ACCESO ADICIONAL--NOMBRE DE PERSONA
Nombre de persona Hahn, Carlos,
Término indicativo de función/relación ilustrador
9 (RLIN) 32423
700 #1 - PUNTO DE ACCESO ADICIONAL--NOMBRE DE PERSONA
Nombre de persona Loizides, Louis,
Término indicativo de función/relación traductor
9 (RLIN) 32424
942 ## - ELEMENTOS DE PUNTO DE ACCESO ADICIONAL (KOHA)
Fuente del sistema de clasificación o colocación Library of Congress Classification
Tipo de ítem Koha Libros
Suprimir en OPAC 1

No items available.